[Event "Foment Martinenc op-C 18th"]
[Site "Barcelona"]
[Date "2016.05.28"]
[Round "6"]
[White "Miranda Serra, Josep"]
[Black "Punsola Mena, Pol"]
[Result "1/2-1/2"]
[WhiteElo "1817"]
[BlackElo "1720"]
[PlyCount "90"]
[EventDate "2016.04.23"]
[EventType "swiss"]
[EventRounds "9"]
[EventCountry "ESP"]
[SourceTitle "EXT 2017"]
[Source "ChessBase"]
[SourceDate "2016.10.25"]
[SourceVersion "1"]
[SourceVersionDate "2016.10.25"]
[SourceQuality "1"]

1. e4 c5 2. Nf3 d6 3. d4 Nf6 4. Nc3 cxd4 5. Nxd4 Nc6 6. Nb3 g6 7. Be2 Bg7 8. Be3 Be6 9. 0-0 0-0 10. f3 Qd7 11. Qd2 Ne8 12. Bh6 f5 13. Bxg7 Nxg7 14. Rfd1 Rad8 15. exf5 Rxf5 16. Bd3 Rf7 17. Ne4 Bf5 18. Nf2 Rdf8 19. Bxf5 Qxf5 20. Ne4 a6 21. Ng3 Qb5 22. Re1 Rc8 23. c3 Na5 24. Nxa5 Qxa5 25. Qe3 Nf5 26. Nxf5 Qxf5 27. Kh1 Qc2 28. Qe6 Rc7 29. Re2 Qf5 30. Qxf5 Rxf5 31. Rd1 Kf7 32. Kg1 Rd7 33. Kf2 e5 34. Red2 Ke6 35. Rd5 g5 36. h3 h5 37. Ke3 Rf4 38. g3 Ra4 39. a3 g4 40. hxg4 hxg4 41. fxg4 Rxg4 42. Kf3 Rc4 43. Kg2 Rg4 44. Kf3 Rg5 45. Kg2 Rg4 1/2-1/2